000 01408cam a22003977a 4500
003 CHAP
005 20220817043539.0
008 990607d1996 it ba r 00010 spa d
010 _a78156
011 _a79128
020 _a9253038098
035 _a89282
040 _cCHAP
082 _a631.5
_bF34Y v.1
110 2 _aFAO
245 0 _aLos sistemas de cultivos sostenibles en los cerrados brasileños :
_bidentificación de tierras análogas para la transferencia de tecnología en las zonas de sabana del mundo en desarrollo
_c/por FAO
260 _aRome :
_bFAO,
_c1997.
300 _a44 p. :
_bilus. ; gráfs. ; cuadros ; mapas
410 2 _aFAO
490 0 _aFAO. Gestión integrada de cultivos
_v; 1
590 _aBATCH-UPD
_b10
_c20130110
_lUCH01
_h0733
590 _aBATCH-UPD
_b10
_c20130410
_lUCH01
_h0416
590 _aBATCH-UPD
_b10
_c20130914
_lUCH01
_h0057
590 _aCONVERSION
_b10
_c20130109
_lUCH01
_h1343
650 1 4 _aAgricultura
_xTransferencia de tecnología.
_91885
650 1 4 _aCultivos
_zBrasil.
_930361
650 1 4 _aSabanas.
_9101091
650 1 4 _aSistemas de cultivo.
_9106746
650 1 4 _aTierras
_xUtilización
_zBrasil.
_9113265
810 0 _aFAO
830 0 0 _aFAO. Gestión integrada de cultivos
_v; 1
_939569
901 _aBK
905 _aLilia Sánchez G.
942 _cLIBRO
949 _a631.5 F34Y v.1
_bBC
_cFAO
_d33724000737557
_eFAO1
_h96233
_i89282
_kDonaciØn
_sb
999 _c78156
_d78156